Statistiche per Monarchie nel mondo - Quiz

Clicka qui per fare il quiz!

Statistiche generali

  • Questo quiz è stato fatto 4.730 volte
    (2.540 dall'ultimo reset)
  • Il punteggio medio è 18 su 30

Statistiche sulle risposte

TitoloMonarcaNazione% Corretto
ReCarloRegno Unito /
Commonwealth
97%
ReFilippoSpagna
93%
ReSalmanArabia Saudita
83%
ReCarlo GustavoSvezia
83%
EmiroMultiplo (7)Emirati Arabi Uniti
79%
ReHaraldNorvegia
79%
PapaFrancescoCittà del Vaticano
77%
ReginaMargheritaDanimarca
75%
ImperatoreNaruhitoGiappone
73%
PrincipeAlbertoMonaco
72%
EmiroTamimQatar
70%
ReGuglielmo AlessandroPaesi Bassi
68%
ReFilippoBelgio
67%
SultanoHaythamOman
64%
GranducaEnricoLussemburgo
61%
ReMohammedMarocco
59%
CoprincipiEmmanuel e JoanAndorra
58%
PrincipeGiovanni AdamoLiechtenstein
57%
EmiroSabahKuwait
55%
ReRamaThailandia
51%
ReAbdullahGiordania
50%
SultanoHassanalBrunei
47%
ReKhesarBhutan
40%
Yang di-Pertuan
Agong
AbdullahMalesia
36%
ReSihamoniCambogia
34%
ReHamadBahrein
32%
ReLetsieLesotho
30%
O le Ao o le MaloVa'aleto'a SualauviSamoa
30%
ReTupouTonga
30%
ReMswatiEswatini
29%

Distribuzione punteggi

Percentile per numero di risposta

Percentuale di utenti per punteggio

I tuoi punteggi nel tempo

Non hai fatto questo quiz dall'ultimo reset